00463nam a22001457a 4500020001800000082001400018100002400032245004600056260004400102300000800146650002400154942000700178952011500185999001700300 a9780195326017 a297.1 SAC aSachedina,Abdulaziz aThe Islamic Roots of Democratic Pluralism aNew YarkbOxford university Pressc2001 a175 aIslam 20th century  cBK 00104070aHMIbHMId2017-03-23eAmezong2247.00l3o297.1 SACp25215r2022-04-11s2022-04-04w2017-03-23yBK c20366d20366